000 01209nam a22003137a 4500
001 0005864
003 KOHA_MİRAKIL
005 20260207001501.0
007 ta
008 090603b1993 tu |||gr||||#0|||0|tur |
020 _a975160544X
_c0,01
040 _aTR-BiSEU
_btur
_cTR-BiSEU
_erda
041 0 _atur
044 _ctu
050 _aDR481
_b.S66 1993
100 1 _aSonyel, Salahi R..
245 1 _aMinorities and the destruction of the Ottaman Empire/
_cSalahi R. Sonyel ; Salahi R. Sonyel.
264 1 _aAnkara :
_bAtaturk Supreme Cuuncil for Culture Language and History Pub. of Turkish Historical Society
_c1993
300 _axix,537 sayfa
336 _ametin
_btxt
_2rdacontent
337 _aaracısız
_bn
_2rdamedia
338 _acilt
_bnc
_2rdacarrier
490 1 _aAtaturk Supreme Council for Culture,Language and History Publications of Turkish Historical Society ;Sreial VII.-No.129
500 _aIncludes bibliographical references and index.
650 0 _aAzınlıklar--Türkiye--Tarih.
_914255
830 1 _aAtaturk Supreme Council for Culture,Language and History Publications of Turkish Historical Society ;Sreial VII.-No.129
_914256
907 _aTarih
942 _2lcc
_cBK
999 _c5845
_d5845